| 000 | 01553cpcaa2200325 a 4500 | ||
|---|---|---|---|
| 001 | mm2010085530 | ||
| 003 | DLC | ||
| 005 | 20260227111732.0 | ||
| 008 | 100305|||||||||||| eng | ||
| 010 | _amm2010085530 | ||
| 040 |
_aDLC _cDLC _edacs _dDLC |
||
| 072 | 7 |
_aW _2lcmd |
|
| 100 | 1 |
_aWillard, Sylvester David, _d1825-1865. |
|
| 245 | 0 | 0 |
_aSylvester David Willard correspondence, _f1862. |
| 300 |
_a1 _fitem. |
||
| 506 | 0 | _aOpen to research. | |
| 520 | 8 | _aALS (1862 December 6; Albany, [N.Y.]) from Willard, while serving as medical examiner with the 98th New York Infantry Regiment, to his brother Rev. Samuel G. Willard, Willimantic, Conn. Subjects include Willard's duties as a medical examiner, upcoming military campaigns, news of mutual acquaintances, his brother's sermons, and family affairs. | |
| 545 | 0 | _aUnion Army physician. | |
| 546 | _aCollection material in English. | ||
| 580 | _aForms part of: Miscellaneous Manuscripts collection. | ||
| 600 | 1 | 0 |
_aWillard, Samuel G. _q(Samuel George), _d1819-1887 _vCorrespondence. |
| 600 | 3 | 0 | _aWillard family. |
| 610 | 1 | 0 |
_aUnited States. _bArmy. _bNew York Infantry Regiment, 98th (1862-1865) |
| 651 | 0 |
_aNew York (State) _xHistory _yCivil War, 1861-1865. |
|
| 651 | 0 |
_aUnited States _xHistory _yCivil War, 1861-1865. |
|
| 651 | 0 |
_aUnited States _xHistory _yCivil War, 1861-1865 _xCampaigns. |
|
| 656 | 7 |
_aPhysicians. _2itoamc |
|
| 999 |
_c44823 _d44823 |
||